| 000 | 00809cam a22002295a 4500 | ||
|---|---|---|---|
| 001 | L137635 | ||
| 008 | 070420s2005 xxkd f f 001 0 eng d | ||
| 020 | _a0749443448 | ||
| 035 | _a(Sirsi) u137635 | ||
| 041 | 0 | _aeng | |
| 050 | 0 | 4 | _a658.4 $2 18 |
| 100 | 1 | _aArmstrong, Michael | |
| 245 | 0 | 2 |
_aA handbook of management and leadership _ba guide to managing results |
| 260 |
_aLondon _bKogan Page _c2005 |
||
| 300 |
_ax, 242p. _bill. _c25cm. |
||
| 350 | _a27.50 | ||
| 520 | _aDescribes management theories and best practice. Covers roles, leadership and strategic management. Provides guidance on delivering change and enhancing customer relations. Promotes continuous improvement and quality management. | ||
| 651 | 4 | _aInternational | |
| 690 | _aMANAGEMENT | ||
| 700 | 1 | _aStephens, Tina | |
| 942 | _n0 | ||
| 999 |
_c106856 _d106856 |
||